| 000 | 004400000a22001690004500 | ||
|---|---|---|---|
| 003 | LSTLib | ||
| 041 | _aEnglish | ||
| 082 |
_a396:347.96 _bWOM |
||
| 245 | _aWomens rights law reporter 1991 Vol. 12 No. 3 | ||
| 250 | _a1 | ||
| 260 |
_aNew York _bWomen's Rights Law Reporter _c1991 |
||
| 300 | _a385 | ||
| 650 |
_aLaw _9728 |
||
| 650 |
_aWomen _9696 |
||
| 650 |
_awomen judges _94062 |
||
| 942 |
_cTB _k396:347.96 _mWOM |
||
| 999 |
_c4743 _d4743 |
||